| 000 | 00441nam a22001697a 4500 | ||
|---|---|---|---|
| 003 | OSt | ||
| 005 | 20140310182333.0 | ||
| 008 | 130924t xxu||||| |||| 00| 0 eng d | ||
| 050 |
_aPZ 10 _b.C227 1993 |
||
| 082 |
_aGS 599.4 _bCa16 1993 |
||
| 100 |
_aCannon, Janell _921481 |
||
| 245 |
_aStellaluna / _cCannon, Janell |
||
| 260 |
_aNew York : _bScholastic Inc, _cc1993. |
||
| 300 |
_a46 p. _c26 cm. |
||
| 942 |
_2lcc _cBK-GS |
||
| 999 |
_c12024 _d12024 |
||